Statistics for Need for Speed Gaming Franchise

Click here to take the quiz!

General Stats

  • This quiz has been taken 52 times
  • The average score is 17 of 24

Answer Stats

HintGame% Correct
Features deep customization, a nocturnal open world, and an immersive plot. The overall focus is on deeper levels of authentic urban car culture, and is centered around the player's car.Need for Speed
95%
The first part of legendary journey begins from choosing tracks, selecting cars and escaping police.The Need for Speed
95%
Reboot of the franchise, featuring visual upgrades, a career mode, and garage mode that allows players to fully customize their cars with a large variety of performance brands.Need for Speed: Underground
87%
Allows players to race exotic cars again in multiple gameplay modes. The sequel features customizable car paint and car components.Need for Speed II
85%
Players have the opportunity to race the world's most exotic sports cars on a number of tracks. They can either attempt to evade the police, or play as the law enforcement, and track down speedsters.Need for Speed III: Hot Pursuit
85%
The story follows the player participating in the Speedhunters Showdown, an organised racing event held on the streets and surrounding countryside of Palm City.Need for Speed: Heat
82%
A lone street racer must use his talents to rise to the top of the Blacklist, comprised of the 15 most elite drivers in the city of Rockport.Need for Speed: Most Wanted
82%
An open world racing game, set in the fictional city Fairhaven and in which the player races to become the Most Wanted on the Speed Wall.Need for Speed: Most Wanted
82%
Racers and cops never sleep in the county of Seacrest with the racers doing their best to outrun the law with a range of exclusive cars, and the cops trying to stop them with equal speed and horse power.Need for Speed: Hot Pursuit
77%
Tyler Morgan must build a crew to bring down The House, a nefarious cartel in the underworld of Fortune Valley.Need for Speed: Payback
77%
Entails tuning cars for street races, while resuming the previous game's storyline.Need for Speed: Underground 2
74%
Jack Rourke must win a cross-country race to pay off the Mob and save his life.Need for Speed: The Run
69%
The only free member of the Blacklist of Rockport City must now bring down an old ally, in complete control of the street racing world in Palmont.Need for Speed: Carbon
67%
Local high school boy, James Kevin attempts to relive the good old days of his nostalgic and hotwheel-filled childhood by trying to learn how to drive real motor vehicles and race cars.Need for Speed: Shift
67%
Former street racer Ryan Cooper enters a challenge day and ends up receiving invites to elite organizations of the 'four Kings'.Need for Speed: ProStreet
64%
A rivalry between cops and racers has broken out in Redview County. Racers are constantly breaking the law - Cops are constantly saving it. Take on the role of a Racer or Cop, with each side of the law offering its own play style.Need for Speed: Rivals
64%
Sends players racing through speedways, dodging cops, and chasing rivals as they go deep undercover to take down an international crime syndicate.Need for Speed: Undercover
62%
It was the first freemium massively multiplayer online racing game in the Need for Speed series and was available on Microsoft Windows.Need for Speed: World
62%
Join a rapid race by the picturesque tracks and tense escapes from the police, or play as a police officer.Need for Speed: Hot Pursuit 2
54%
The franchise's first original title made for mobile devices, unlike past mobile games in the series that were adaptations or companions of various Need for Speed games.Need for Speed: No Limits
54%
Gives the player the opportunity to race Porsche cars throughout a range of tracks located in Europe.Need for Speed: Porsche Unleashed
51%
Features over 145 cars and over 36 different tracks, online gameplay, and three new main additions: an in-helmet camera, night-time racing and the Autolog feature.Shift 2: Unleashed
51%
An arcade style racing game that emphasizes speed and excitement over realism or vehicle tuning. The Wii version allows up to four players to race, with a maximum of eight racers at once.Need for Speed: Nitro
49%
Race against street racers for keeps or take on the police.Need for Speed: High Stakes
46%

Score Distribution

Percentile by Number Answered

Percent of People with Each Score

Your Score History

You have not taken this quiz